[Event "Stay Safe Play From Home 289"]
[Site "Emanuel Lasker Arena"]
[Date "2020.07.09"]
[Round "5"]
[White "Fischer_11"]
[Black "SoulofWolf"]
[Result "0-1"]
[WhiteElo "2053"]
[BlackElo "2272"]
[Annotator "NA"]
[PlyCount "94"]
[EventDate "2020.07.09"]
[EventType "swiss (blitz)"]

1. e4 {[%emt 0:00:01]} c5 {[%emt 0:00:00]} 2. c3 {[%emt 0:00:01]} e6 {[%emt 0:00:00]} 3. d4 {[%emt 0:00:01]} a6 {[%emt 0:00:00]} 4. d5 {[%emt 0:00:01]} b5 {[%emt 0:00:00]} 5. Nf3 {[%emt 0:00:02]} Bb7 {[%emt 0:00:00]} 6. Be2 {[%emt 0:00:00]} c4 {[%emt 0:00:01]} 7. O-O {[%emt 0:00:00]} d6 {[%emt 0:00:00]} 8. b3 {[%emt 0:00:01]} Nd7 {[%emt 0:00:00]} 9. bxc4 {[%emt 0:00:01]} bxc4 {[%emt 0:00:01]} 10. Bxc4 {[%emt 0:00:00]} Rc8 {[%emt 0:00:00]} 11. dxe6 {[%emt 0:00:03]} Rxc4 {[%emt 0:00:03]} 12. exd7+ {[%emt 0:00:00]} Qxd7 {[%emt 0:00:01]} 13. Nbd2 {[%emt 0:00:03]} Rc8 {[%emt 0:00:04]} 14. Bb2 {[%emt 0:00:02]} Be7 {[%emt 0:00:01]} 15. Re1 {[%emt 0:00:01]} Nf6 {[%emt 0:00:01]} 16. e5 {[%emt 0:00:01]} dxe5 {[%emt 0:00:02]} 17. Nxe5 {[%emt 0:00:00]} Qd5 {[%emt 0:00:05]} 18. Qa4+ {[%emt 0:00:02]} Bc6 {[%emt 0:00:02]} 19. Nxc6 {[%emt 0:00:02]} Qxc6 {[%emt 0:00:01]} 20. Qxc6+ {[%emt 0:00:01]} Rxc6 {[%emt 0:00:00]} 21. c4 {[%emt 0:00:00]} Kd8 {[%emt 0:00:04]} 22. a4 {[%emt 0:00:03]} Bb4 {[%emt 0:00:01]} 23. Rad1 {[%emt 0:00:03]} Kc8 {[%emt 0:00:03]} 24. Rf1 {[%emt 0:00:07]} Rd8 {[%emt 0:00:01]} 25. Bxf6 {[%emt 0:00:05]} gxf6 {[%emt 0:00:01]} 26. Ne4 {[%emt 0:00:03]} f5 {[%emt 0:00:02]} 27. Rxd8+ {[%emt 0:00:02]} Kxd8 {[%emt 0:00:00]} 28. Ng5 {[%emt 0:00:01]} Ke7 {[%emt 0:00:03]} 29. Rd1 {[%emt 0:00:02]} Kf6 {[%emt 0:00:02]} 30. Nf3 {[%emt 0:00:03]} Rxc4 {[%emt 0:00:01]} 31. g3 {[%emt 0:00:00]} a5 {[%emt 0:00:02]} 32. Rd5 {[%emt 0:00:01]} Rc1+ {[%emt 0:00:02]} 33. Kg2 {[%emt 0:00:01]} Rc3 {[%emt 0:00:00]} 34. Nh4 {[%emt 0:00:00]} f4 {[%emt 0:00:02]} 35. Rf5+ {[%emt 0:00:00]} Ke7 {[%emt 0:00:01]} 36. Rxf4 {[%emt 0:00:00]} Ra3 {[%emt 0:00:00]} 37. Rg4 {[%emt 0:00:00]} Rxa4 {[%emt 0:00:01]} 38. Rf4 {[%emt 0:00:00]} Bd6 {[%emt 0:00:01]} 39. Nf5+ {[%emt 0:00:00]} Ke6 {[%emt 0:00:03]} 40. Nxd6 {[%emt 0:00:00]} Rxf4 {[%emt 0:00:02]} 41. gxf4 {[%emt 0:00:02]} Kxd6 {[%emt 0:00:00]} 42. f5 {[%emt 0:00:00]} a4 {[%emt 0:00:00]} 43. Kg3 {[%emt 0:00:00]} a3 {[%emt 0:00:00]} 44. Kf4 {[%emt 0:00:00]} a2 {[%emt 0:00:00]} 45. Kg5 {[%emt 0:00:00]} a1=Q {[%emt 0:00:00]} 46. Kh6 {[%emt 0:00:01]} Qe5 {[%emt 0:00:00]} 47. Kxh7 {[%emt 0:00:00]} Qxf5+ {[%emt 0:00:00] Zeit (Lag: Av=0.30s, max=0.5s)} 0-1

[Event "Stay Safe Play From Home 289"]
[Site "Emanuel Lasker Arena"]
[Date "2020.07.09"]
[Round "5"]
[White "Bardellosport"]
[Black "Lamborghini"]
[Result "0-1"]
[WhiteElo "1947"]
[BlackElo "2193"]
[Annotator "TA"]
[PlyCount "106"]
[EventDate "2020.07.09"]
[EventType "swiss (blitz)"]

{[%evp 9,106,-33,-29,-41,-39,-33,-7,-14,-15,-67,-71,-101,-77,-113,-107,-107,-115,-104,-107,-143,-139,-368,-289,-323,-271,-353,-218,-223,-174,-217,-205,-167,-212,-278,-248,-387,-256,-361,-360,-467,-347,-412,-116,-122,-105,-125,-135,-129,-85,-121,-119,-158,-70,-302,-216,-509,-203,-354,-343,-319,-116,-907,-290,-1729,-1647,-2069,-1930,-2002,-351,-29992,-362,-297,-108,-525,-514,-451,-432,-1894,-1646,-1705,-783,-29989,-29990,-29992,-29990,-29991,-29990,-29991,-29988,-29988,-29988,-29989,-29989,-29989,-29988,-29991,-29991,-29991,-29992]} 1. d4 Nf6 2. e3 g6 3. f4 Bg7 4. Nf3 O-O 5. Bc4 d6 {[#]} 6. Qe2 $146 {A45: Trompowsky Attack.} ({Predecessor:} 6. O-O Nbd7 7. Qe1 c5 8. c3 e6 9. Nbd2 b6 10. Qg3 Bb7 11. Ng5 Qe7 12. b3 h6 13. Ngf3 {0-1 (31) Skvortsov,A (2076)-Timerkhanov,A (2367) Kirov 2018}) 6... c5 {Threatens to win with ...d5.} 7. c3 d5 8. Bd3 {The position is equal.} Ne4 9. Bxe4 (9. O-O $11) 9... dxe4 $15 10. Ne5 f6 11. Qc4+ e6 12. Ng4 cxd4 13. cxd4 b5 $36 {[%mdl 2048] Black is in control.} 14. Qe2 b4 15. Qf2 $2 (15. a3 $17) 15... Ba6 16. h3 Bd3 17. Qd2 Nc6 18. Nf2 Ba6 19. a3 f5 20. axb4 Qb6 21. Nc3 {White wants to play Rxa6!} Nxb4 22. g4 (22. Na2 $142 Nc6 23. Nc3) 22... Rfd8 {[%cal Rg7d4]} 23. gxf5 (23. Rxa6 $142 Nxa6 24. h4) 23... exf5 $19 24. h4 h5 25. Ra4 {[#]} Nd3+ $2 (25... Bxd4 $1 $19 {[%mdl 512] is more deadly.} 26. Rxa6 (26. exd4 e3) 26... Qxa6 27. exd4 e3 $1 {[%mdl 576] Double Attack}) 26. Nxd3 $17 Bxd3 27. Kf2 a5 28. Qe1 Rab8 29. Qd2 Kh7 30. Rd1 Qc6 (30... Ra8 $17 31. Kg2 Bf6) 31. d5 $2 ({White should try} 31. Rxa5 $15 Bf6 32. Kg3) 31... Qc5 32. Qe1 $2 (32. Ra3 {is a better defense.}) 32... Rb4 $2 (32... Bc2 33. Ra3 Bf6) 33. Rxb4 $2 (33. Ra1 {was called for.}) 33... axb4 $19 ({Resist} 33... Qxb4 34. Kg3 $19) 34. Ne2 Qxd5 $2 (34... Bf6 $19 {and Black stays clearly on top.} 35. Kg2 Qc2) 35. Bd2 $2 {[%mdl 8192]} (35. Qxb4 $17 Rd7 36. Nd4) 35... Bf6 $2 (35... Bc2 36. Rc1 Qxd2) 36. Nd4 $2 (36. Bxb4 Bxh4+ 37. Ng3) 36... Bxh4+ 37. Kg1 Bxe1 38. Rxe1 {[#]} Qxd4 $2 (38... g5 $1 39. Rc1 (39. fxg5 Qg8) 39... gxf4 40. Rc7+ Rd7) 39. Rc1 $2 (39. exd4 $19 Rxd4 40. Be3) 39... Qxe3+ $2 (39... Qxb2 {mates} 40. Rc7+ Kh6 41. Bxb4 Bf1 42. Bf8+ Rxf8 43. Kxf1 Ra8 44. Rc1 Ra2 45. Rc2 Qxc2 46. Kg1 Qg2#) 40. Bxe3 {[%mdl 4096] Endgame KRB-KRB} g5 $2 (40... Bb5 $19 {White must now prevent ...Rd3.} 41. Rc5 Be8 42. Rc7+ Kh6) 41. Bd2 $2 {[%mdl 8192]} (41. Rc7+ $17 Kg8 42. fxg5) 41... g4 42. Rc7+ Kg6 {And now ...Bb5 would win.} 43. Kf2 (43. Rc6+ $142 Kf7 44. Rh6) 43... h4 44. Ke3 Rd6 45. Rc6 Rxc6 {Black mates.} 46. Bxb4 Rc4 47. Bc3 Kh5 48. b3 g3 49. bxc4 Bxc4 50. Kd4 Kg4 51. Be1 g2 52. Bd2 h3 53. Be3 h2 {Accuracy: White = 23%, Black = 41%.} 0-1

[Event "Stay Safe Play From Home 289"]
[Site "Emanuel Lasker Arena"]
[Date "2020.07.09"]
[Round "5"]
[White "Haris kollari 13"]
[Black "Mandy"]
[Result "1-0"]
[WhiteElo "1744"]
[BlackElo "901"]
[Annotator "NA"]
[PlyCount "31"]
[EventDate "2020.07.09"]
[EventType "swiss (blitz)"]

1. e4 {[%emt 0:00:01]} c6 {[%emt 0:00:03]} 2. f4 {[%emt 0:00:01]} d5 {[%emt 0:00:01]} 3. e5 {[%emt 0:00:00]} e6 {[%emt 0:00:01]} 4. d4 {[%emt 0:00:00]} f6 {[%emt 0:00:01]} 5. c4 {[%emt 0:00:01]} Bb4+ {[%emt 0:00:04]} 6. Nc3 {[%emt 0:00:02]} Bxc3+ {[%emt 0:00:01]} 7. bxc3 {[%emt 0:00:01]} Ne7 {[%emt 0:00:05]} 8. c5 {[%emt 0:00:02]} Nd7 {[%emt 0:00:09]} 9. Nf3 {[%emt 0:00:01]} b6 {[%emt 0:00:02]} 10. cxb6 {[%emt 0:00:01]} Nxb6 {[%emt 0:00:03]} 11. Bd3 {[%emt 0:00:01]} Bd7 {[%emt 0:00:07]} 12. O-O {[%emt 0:00:01]} fxe5 {[%emt 0:00:05]} 13. Nxe5 {[%emt 0:00:02]} g6 {[%emt 0:00:09]} 14. g4 {[%emt 0:00:04]} O-O {[%emt 0:00:03]} 15. Qe2 {[%emt 0:00:04]} Qe8 {[%emt 0:00:01]} 16. Re1 {[%emt 0:00:01] Zeit (Lag: Av=0.55s, max=1.5s)} 1-0

[Event "Stay Safe Play From Home 289"]
[Site "Emanuel Lasker Arena"]
[Date "2020.07.09"]
[Round "5"]
[White "Trotsky"]
[Black "Mepe_Nika"]
[Result "0-1"]
[WhiteElo "1596"]
[BlackElo "2357"]
[Annotator "TA"]
[PlyCount "68"]
[EventDate "2020.07.09"]
[EventType "swiss (blitz)"]

{[%evp 10,68,0,-17,-24,-101,-91,-105,-56,-77,-34,-111,-101,-156,-161,-163,-164,-220,-225,-220,-189,-256,-210,-323,-310,-323,-311,-506,-504,-911,-800,-879,-835,-813,-815,-931,-906,-1130,-1185,-1166,-496,-489,-480,-479,-431,-453,-403,-470,-426,-466,-380,-376,-358,-860,-861,-1264,-950,-904,-847,-812,-616]} 1. d4 d5 2. e3 Nf6 3. c4 c6 4. Nc3 e6 5. c5 Nbd7 6. Nf3 b6 {[%cal Bb7b6,Bb6c5,Bc5c4][%mdl 32] [#] D45: Semi-Slav: 5 e3.} 7. Bd3 $146 (7. b4 $11) ({Predecessor:} 7. b4 a5 8. b5 Bb7 9. bxc6 Bxc6 10. cxb6 Bb4 11. Bd2 O-O 12. Bd3 Ne4 13. Rc1 Qxb6 14. O-O {0-1 (29) Markov,M (2304)-Aronian,L (2813) Tromsoe 2013}) 7... bxc5 $17 8. Qc2 c4 {Black is better.} 9. Be2 Bd6 10. Bd2 {White is on the road to losing.} ({White should try} 10. e4 $15 e5 11. Bg5) 10... e5 11. h4 (11. Nxe5 $142 Nxe5 12. dxe5 Bxe5 13. b3) 11... e4 $36 {[%mdl 2048] Black has strong initiative.} 12. Ng5 h6 13. Ngxe4 (13. Nh3 $142) 13... dxe4 $19 14. Nxe4 Be7 15. O-O-O (15. Nxf6+ $142 Nxf6 16. Bxc4) 15... O-O 16. Ng5 (16. Nxf6+ $142 Nxf6 17. Bxc4) 16... Rb8 17. Bc3 {White hopes to continue with d5.} Bb4 18. Bxc4 $2 {[#]} (18. Bxb4 Rxb4 19. a3) 18... Bxc3 19. b3 (19. Qxc3 $142 hxg5 20. hxg5) 19... Bb4 20. Bd3 Ba3+ 21. Kb1 Nb6 22. e4 Qxd4 23. e5 Qxe5 24. Rde1 Qb2+ (24... Qd6 $142 25. Bh7+ Kh8) 25. Qxb2 Bxb2 26. Kxb2 Nbd5 ({Weaker is} 26... hxg5 27. hxg5 Nbd5 28. gxf6 $19) (26... Rd8 27. Rd1 $19) 27. Bc2 Bg4 28. Ka1 Bh5 ({Don't take} 28... hxg5 29. hxg5 Be6 30. gxf6 $19) 29. f3 hxg5 30. hxg5 Bg6 ({But not} 30... Nb4 31. Bb1 $19) 31. g4 $2 {[#]} (31. Bxg6 fxg6 32. gxf6) 31... Bxc2 {Black is clearly winning.} 32. f4 Bg6 33. gxf6 Nxf6 34. f5 Nxg4 {Accuracy: White = 29%, Black = 55%.} 0-1

[Event "Stay Safe Play From Home 289"]
[Site "Emanuel Lasker Arena"]
[Date "2020.07.09"]
[Round "6"]
[White "AChessPlayer"]
[Black "Mepe_Nika"]
[Result "1/2-1/2"]
[WhiteElo "2402"]
[BlackElo "2358"]
[Annotator "TA"]
[PlyCount "172"]
[EventDate "2020.07.09"]
[EventType "swiss (blitz)"]

{[%evp 18,171,-9,-21,15,21,70,-2,-8,-6,11,-233,-36,-18,-24,-41,-34,-79,0,0,0,-218,-100,-306,-309,-775,-439,-588,-347,-1260,-616,-641,-562,-503,-404,-884,-660,-1172,-1190,-1558,-966,-5977,-5665,-1965,-1799,-1760,-1766,-1758,-1631,-1731,-1143,-29964,-1495,-837,0,-29970,-29960,-29958,-29958,-29960,-29961,-29965,-1280,-29966,-29964,-29962,-29964,-12793,-5227,-29967,-29965,-29954,-4354,-29976,-29975,-29979,-29980,-29980,-29971,-29980,-29977,-29981,-29982,-29983,-29981,-29983,-29980,-29981,-29977,-29972,-29973,-9369,0,-29992,-29993,-29992,-29986,-29986,-29987,-29987,-29988,-29988,-29989,-29989,-29990,-29990,-29990,-29990,-29991,-29991,-29992,-29993,-29992,-29992,-29992,-29992,-29993,-29993,-29994,-29995,-29994,-29994,-29994,-29994,-29995,-29995,-29995,-29995,-29995,-29996,-29995,-29995,-29995,-29995,-29995,-29995,-29996,-29996,-29997,-29997,-29997,-29998,-29997,-29997,-29998,-29998,-29998,-29998,-29998,-29998,-29998,-29998,-29998,-29998,-29993,-29998]} 1. Nf3 d5 2. e3 c6 3. d4 Nf6 4. c4 e6 5. Nc3 Nbd7 6. Qc2 Bd6 7. e4 dxe4 8. Nxe4 Nxe4 9. Qxe4 Nf6 10. Qh4 O-O {D45: Semi-Slav: 5 e3.} 11. Bd3 Bb4+ 12. Bd2 (12. Ke2 $14) 12... Bxd2+ $11 {The position is equal.} 13. Nxd2 {[#]} h6 $146 ({Predecessor:} 13... e5 14. O-O-O Qxd4 15. Qxd4 exd4 16. Nb3 Rd8 17. Be2 Ng4 18. Bxg4 Bxg4 19. Rxd4 Rxd4 20. Nxd4 Rd8 21. Re1 {½-½ (21) Muck,C (2532)-Jaulneau,C (2545) ICCF email 2008}) 14. g4 $2 (14. Bc2 $11) 14... Nd7 $2 (14... Qxd4 $19 15. Be2 Qxb2) 15. Qg3 $15 {[#]} e5 $1 {[%mdl 512]} 16. O-O-O (16. dxe5 Nxe5) 16... exd4 17. h4 Qa5 ({Black should try} 17... Nc5 $17 {Threatens to win with ...Bxg4!} 18. Nb3 Nxb3+ 19. axb3 a5) 18. g5 $11 h5 $36 {[%mdl 2048] Black has some pressure.} ({Don't go for} 18... Qxa2 $2 19. gxh6 g6 20. Bxg6 $1 $18 {[%mdl 512]}) 19. f4 $2 {White is on the road to losing.} (19. Nb3 $1 $11 Qxa2 20. Bb1) 19... Qxa2 (19... Nc5 $1 $19 {and Black stays clearly on top.} 20. Nb3 Nxb3+ 21. axb3 Re8) 20. g6 $2 (20. Bb1 $17 Qa5 21. Nb3) 20... Nc5 $19 {[%cal Bd7c5,Bc5b3,Bb3a1][%mdl 32] Strongly threatening ...Na4.} 21. Nb1 $2 (21. Bb1 Qa1 22. Nb3 Nxb3+ 23. Qxb3) 21... Nb3+ 22. Kc2 {intending gxf7+.} Na1+ 23. Kd2 $2 (23. Kc1 Nb3+ 24. Kc2) 23... Qa5+ (23... Qxb2+ $142 24. Ke1 Bg4) 24. Ke2 Re8+ 25. Kf2 f6 26. Nd2 (26. f5 $142 Nb3 27. Qf4) 26... Bg4 {Hoping for ...Re3.} 27. Nf3 Re3 28. Be2 Nc2 {White must now prevent ...Rae8.} 29. Nxd4 Rxg3 30. Kxg3 Nxd4 31. Bxg4 hxg4 32. Rxd4 Re8 33. h5 Qf5 {And now ...Kf8 would win.} 34. Rhd1 Re3+ (34... Qxh5 $142 35. R4d2 Qh3+ 36. Kf2 Qh2+ 37. Kf1 Qh1+ 38. Kf2 g3+ $1 {[%mdl 576] Deflection, Decoy} 39. Kxg3 Re3+ 40. Kf2 Rf3+ {[%mdl 64] Double Attack} 41. Ke2 Qg2+ {[%mdl 64] Double Attack} 42. Ke1 Qf1#) 35. Kf2 Re8 $2 (35... Rf3+ $1 $19 36. Kg2 Kf8 37. Rd8+ Ke7 $1 {[%mdl 512]} 38. R8d7+ Qxd7 39. Rxd7+ Kxd7) 36. R1d2 $2 {[%mdl 8192] [#]} (36. Kg3 $11 Qxh5 37. Rd8) 36... g3+ $1 37. Kxg3 Qxh5 38. Rd8 Qxg6+ 39. Kf3 Qf7 (39... Qe4+ $142 40. Kg3 Qe3+ 41. Kh2 Qxf4+ {[%mdl 64] Double Attack} 42. Kg2 Kf7 43. R2d7+ Re7 44. Rxe7+ Kxe7 45. Rd3 Qxc4 46. Rg3 g5 47. Rf3 Qe4 $1 {[%mdl 512]} 48. Kf2 Qc2+ 49. Kf1 Qxb2 50. Re3+ Kd6 51. Rd3+ Kc5 52. Re3 a5 53. Rh3 a4 54. Rf3 a3 55. Rf2 Qxf2+ $1 {[%mdl 576] Promotion} 56. Kxf2 a2 57. Kf3 a1=Q 58. Kg4 Qd4+ 59. Kf3 Qf4+ 60. Kg2 g4 61. Kg1 Qd2 62. Kf1 g3 63. Kg1 Qh2+ 64. Kf1 Qf2#) 40. f5 Rxd8 41. Rxd8+ {[%mdl 4096] Endgame KQ-KR} Kh7 42. Rd4 Qe7 43. Rh4+ Kg8 44. Re4 Kf7 (44... Qc5 $142 45. Rf4 Qb6 46. b4 Qxb4 47. Re4 Qc3+ 48. Re3 Qxc4 49. Re4 Qd3+ 50. Re3 Qxf5+ 51. Kg2 a5 52. Re8+ Kf7 53. Ra8 {[#]} a4 $1 {[%mdl 512]} 54. Kh2 Qf2+ 55. Kh1 Qd2 56. Rc8 a3 57. Rb8 Qd1+ 58. Kg2 Qg4+ 59. Kh1 Qh3+ 60. Kg1 Qg3+ 61. Kf1 Qxb8 62. Ke2 Qf4 63. Kd3 a2 64. Kc2 a1=Q 65. Kd3 Qf3+ 66. Kd2 Qad1#) 45. Rg4 Qe5 46. Rg2 Qxf5+ 47. Ke2 Qe5+ 48. Kf1 Qc5 49. Rf2 Qxc4+ 50. Re2 Qc5 51. Ke1 Qg5 52. Kd1 Kg6 53. Rd2 Qh5+ 54. Kc2 Qg5 $2 (54... Qc5+ $19 55. Kd3 f5) 55. Rg2 $2 {[%mdl 8192]} (55. Kd1 $11 f5 56. Rf2) 55... Qxg2+ {Black mates.} 56. Kc3 {[#]} Qxb2+ $1 57. Kxb2 {KP-KP} Kf5 58. Kc2 g5 59. Kd2 g4 60. Ke2 g3 61. Kf1 c5 62. Kg1 c4 63. Kf1 c3 64. Ke1 c2 65. Kd2 {[#]} c1=Q+ $1 {[%mdl 64] Promotion} 66. Kxc1 g2 67. Kd1 g1=Q+ 68. Ke2 Qg3 69. Kd2 Qf4+ 70. Kc2 Ke4 71. Kb2 Qf3 72. Ka2 Qg2+ 73. Kb3 f5 74. Kc4 f4 75. Kc5 f3 76. Kd6 f2 77. Kc7 f1=Q 78. Kb8 Qff2 79. Ka8 Ke3 80. Kb8 Ke2 81. Kc7 Qgg3+ 82. Kc8 Qff3 83. Kd8 Qff4 84. Ke8 Qf5 85. Ke7 {[#]} Qf6+ $1 86. Ke8 (86. Kxf6 Qd6+) 86... Qg4 {Accuracy: White = 24%, Black = 33%.} 1/2-1/2

[Event "Stay Safe Play From Home 289"]
[Site "Emanuel Lasker Arena"]
[Date "2020.07.09"]
[Round "6"]
[White "SoulofWolf"]
[Black "Eidgenosse"]
[Result "0-1"]
[WhiteElo "2280"]
[BlackElo "2424"]
[Annotator "TA"]
[PlyCount "166"]
[EventDate "2020.07.09"]
[EventType "swiss (blitz)"]

{[%evp 9,166,1,3,0,22,22,21,0,48,31,38,20,51,30,61,19,44,22,34,32,35,-19,-10,-44,17,24,66,69,48,48,187,78,70,20,19,24,11,-94,84,97,100,108,388,323,353,102,112,-47,57,-262,-220,-569,-556,-822,-513,-566,-179,-400,-400,-1116,-771,-763,-757,-777,-757,-762,-757,-734,-745,-835,-803,-954,-954,-4133,-4216,-5047,-4133,-4133,-3308,-1652,-1876,-1799,-1681,-1516,-1292,-6231,-9264,-6346,-5065,-29973,-29974,-29975,-29974,-29986,-29987,-29987,-29988,-29987,-29985,-29987,-29987,-29987,-29986,-29987,-29986,-29986,-29987,-29987,-29988,-29988,-29989,-29990,-29991,-29991,-29992,-29994,-29995,-29996,-29995,-29995,-29995,-29995,-29995,-29995,-29996,-29996,-29996,-29997,-29996,-29996,-29996,-29996,-29996,-29997,-29997,-29997,-29998,-29998,-29998,-29998,-29998,-29998,-29997,-29997,-29997,-29997,-29997,-29997,-29997,-29997,-29996,-29996,-29997,-29997,-29997,-29997,-29997,-29997,-29997]} 1. d4 d6 2. Nf3 Nd7 3. c3 e5 4. g3 Ngf6 5. Bg2 Be7 (5... e4 $5 {[%cal Re4f3]} 6. Nfd2 d5 $14) 6. Nbd2 {A41: 1 d4 d6: Tartakower System and Modern Defence.} O-O 7. Qc2 c6 8. O-O {The position is equal.} Qc7 {[#]} 9. Re1 $146 ({Predecessor:} 9. Ne4 Re8 10. Nfg5 h6 11. Nxf6+ Nxf6 12. Ne4 Be6 13. Nxf6+ Bxf6 14. e3 d5 15. Bd2 {0-1 (50) Bozkurt,S (1501)-Demirbag,A (2041) Canakkale 2016}) 9... Re8 10. b3 Nf8 11. e4 Ng6 12. h3 h6 13. a4 Bf8 14. Ba3 Bd7 15. b4 (15. c4 $14) 15... Rad8 16. Rab1 Bc8 ({Black should play} 16... Qc8 $15) 17. c4 $11 d5 18. cxd5 exd4 $1 19. Nxd4 Qb6 ({Black should try} 19... Qb8 $14) 20. N2b3 (20. a5 $18 Qc7 21. N2b3) 20... cxd5 $16 21. a5 Qd6 22. Nb5 Qb8 23. Nc7 (23. Qc7 $11 {keeps the balance.} Qa8 24. e5) 23... dxe4 $2 (23... Rxe4 $1 $17 {keeps the pressure on. And now ...Rc4 would win.} 24. Rxe4 (24. Bxe4 dxe4 25. Rbd1 Bxh3 $17) 24... dxe4) 24. Nxe8 Rxe8 25. Bb2 Nh5 $2 {[%mdl 8192]} (25... Bxb4 $16 {was worth a try.} 26. Nd2 e3 27. Rxe3 Rxe3 28. fxe3 Bxa5) 26. Rxe4 Rd8 27. Rbe1 $2 (27. Re3 $18 {is more deadly.}) 27... Bf5 28. Qe2 $2 (28. Nd4 $16 Bxe4 29. Bxe4) 28... Bxe4 (28... Nxg3 $1 $15 29. fxg3 Bxe4 30. Qxe4 Qxg3) 29. Bxe4 $4 {[%mdl 8192]} (29. Qxe4 $14 {is the one way to stay ahead.} Nf6 30. Bxf6 (30. Qxb7 Bxb4 31. Qxb8 Rxb8 $14) 30... gxf6 31. Nc5) 29... Nxg3 $1 $19 30. fxg3 $2 (30. Qf3 {is tougher.} Nxe4 31. Rxe4) 30... Qxg3+ {[%mdl 64] [#] Double Attack} 31. Bg2 {White hopes to continue with Qe3.} Qxb3 32. Ba1 Qd3 $2 (32... Nh4 33. a6 Bxb4) 33. Qf2 $2 (33. Qxd3 Rxd3 34. Bf1 Rg3+ 35. Kf2) 33... Bxb4 34. Re3 (34. Rf1 $142 Qc4 35. Qf3) 34... Bc5 35. Rxd3 Bxf2+ 36. Kxf2 Rxd3 37. Bxb7 {[%mdl 4096] Endgame KRN-KB} Ra3 38. Bd4 Rxa5 39. Ba8 Ra2+ 40. Kf3 a5 {[%cal Ba7a5,Ba5a4,Ba4a3][%mdl 32]} 41. Be3 Ra3 42. Ke4 Rxe3+ 43. Kxe3 {KB-KN} a4 44. Bd5 a3 45. Ba2 Kf8 46. Ke4 Ke7 47. Kf5 Nh4+ 48. Ke4 Ng2 49. Kf3 Ne1+ {Black mates.} 50. Ke2 Nc2 51. Kd3 Nb4+ {[%mdl 64] [#] Double Attack} 52. Kc3 Nxa2+ {KN-KP} 53. Kb3 Kf6 54. h4 Kf5 55. h5 Kg4 56. Kxa2 Kxh5 57. Kxa3 {KP-KP} Kg4 58. Kb2 h5 59. Kc1 h4 60. Kd1 h3 61. Ke1 h2 62. Kf1 h1=Q+ 63. Kf2 Qh3 64. Ke2 Kf4 65. Kd2 Ke4 66. Kc2 Kd4 67. Kb2 g5 68. Ka2 g4 69. Kb2 g3 70. Kb3 g2+ 71. Kc2 Qh1 72. Kb3 g1=Q 73. Kb4 Qgg2 74. Kb5 Qhh2 75. Kb6 Qhg1 76. Kc7 Q1f1 77. Kd7 Qge2 78. Kd8 Qfd1 79. Kd7 Qed2 80. Kc7 Q2c2+ 81. Kd6 Qdb1 82. Ke7 Qcb2 83. Kf8 Qb3 {Accuracy: White = 39%, Black = 50%.} 0-1

[Event "Stay Safe Play From Home 289"]
[Site "Emanuel Lasker Arena"]
[Date "2020.07.09"]
[Round "6"]
[White "Lamborghini"]
[Black "Fischer_11"]
[Result "1-0"]
[WhiteElo "2199"]
[BlackElo "2046"]
[Annotator "NA"]
[PlyCount "93"]
[EventDate "2020.07.09"]
[EventType "swiss (blitz)"]

1. e4 {[%emt 0:00:02]} Nf6 {[%emt 0:00:01]} 2. e5 {[%emt 0:00:01]} Nd5 {[%emt 0:00:01]} 3. d4 {[%emt 0:00:00]} d6 {[%emt 0:00:01]} 4. Nf3 {[%emt 0:00:01]} dxe5 {[%emt 0:00:01]} 5. Nxe5 {[%emt 0:00:01]} Nd7 {[%emt 0:00:00]} 6. Nxf7 {[%emt 0:00:01]} Kxf7 {[%emt 0:00:00]} 7. Qh5+ {[%emt 0:00:01]} Ke6 {[%emt 0:00:00]} 8. c4 {[%emt 0:00:01]} N5f6 {[%emt 0:00:01]} 9. d5+ {[%emt 0:00:01]} Kd6 {[%emt 0:00:00]} 10. Qf7 {[%emt 0:00:01]} Ne5 {[%emt 0:00:00]} 11. Bf4 {[%emt 0:00:01]} c5 {[%emt 0:00:00]} 12. Nc3 {[%emt 0:00:01]} a6 {[%emt 0:00:01]} 13. b4 {[%emt 0:00:01]} Qb6 {[%emt 0:00:01]} 14. Rc1 {[%emt 0:00:01]} Qc7 {[%emt 0:00:03]} 15. Na4 {[%emt 0:00:06]} cxb4 {[%emt 0:00:08]} 16. c5+ {[%emt 0:00:02]} Kd7 {[%emt 0:00:01]} 17. Qe6+ {[%emt 0:00:03]} Ke8 {[%emt 0:00:03]} 18. Qxe5 {[%emt 0:00:01]} Qxe5+ {[%emt 0:00:01]} 19. Bxe5 {[%emt 0:00:01]} Bd7 {[%emt 0:00:01]} 20. Nb6 {[%emt 0:00:01]} Rd8 {[%emt 0:00:01]} 21. Bc4 {[%emt 0:00:02]} Bb5 {[%emt 0:00:04]} 22. Bb3 {[%emt 0:00:01]} e6 {[%emt 0:00:03]} 23. d6 {[%emt 0:00:02]} Nd5 {[%emt 0:00:02]} 24. Nxd5 {[%emt 0:00:02]} exd5 {[%emt 0:00:00]} 25. Bxd5 {[%emt 0:00:01]} Kd7 {[%emt 0:00:01]} 26. Kd2 {[%emt 0:00:02]} Re8 {[%emt 0:00:01]} 27. f4 {[%emt 0:00:01]} Bc6 {[%emt 0:00:06]} 28. Bxc6+ {[%emt 0:00:01]} Kxc6 {[%emt 0:00:00]} 29. Kd3 {[%emt 0:00:02]} Rg8 {[%emt 0:00:01]} 30. h4 {[%emt 0:00:02]} a5 {[%emt 0:00:01]} 31. h5 {[%emt 0:00:01]} Kd7 {[%emt 0:00:03]} 32. Kd4 {[%emt 0:00:01]} Rc8 {[%emt 0:00:03]} 33. Kd5 {[%emt 0:00:01]} Rc6 {[%emt 0:00:01]} 34. g4 {[%emt 0:00:01]} b6 {[%emt 0:00:01]} 35. cxb6 {[%emt 0:00:01]} Rxb6 {[%emt 0:00:01]} 36. Rc7+ {[%emt 0:00:02]} Kd8 {[%emt 0:00:00]} 37. Rc6 {[%emt 0:00:01]} Rxc6 {[%emt 0:00:01]} 38. Kxc6 {[%emt 0:00:01]} g6 {[%emt 0:00:00]} 39. h6 {[%emt 0:00:01]} Ke8 {[%emt 0:00:03]} 40. g5 {[%emt 0:00:01]} Kf7 {[%emt 0:00:00]} 41. Re1 {[%emt 0:00:02]} Bxd6 {[%emt 0:00:00]} 42. Bxd6 {[%emt 0:00:01]} Rc8+ {[%emt 0:00:00]} 43. Kd7 {[%emt 0:00:00]} Rc2 {[%emt 0:00:00]} 44. Re7+ {[%emt 0:00:01]} Kf8 {[%emt 0:00:01]} 45. Be5 {[%emt 0:00:01]} Kg8 {[%emt 0:00:01]} 46. Ke6 {[%emt 0:00:00]} Rd2 {[%emt 0:00:00]} 47. Re8# {[%emt 0:00:01] (Lag: Av=0.29s, max=0.8s)} 1-0